00808nam a2200181 a 450000100060000000300080000600500170001400800410003103500190007204000320009104100080012308200210013124500630015226000580021530000390027350002650031270000490057721797BD-RjUL20211209000730.0140030s1961 inuh 001 1 eng d a(BD-RjUL)21862 aDLCcWSUdSERdBD-RjULbeng aeng a823.3bNOV 196114aThe novels of Thomas Deloney /cedited by Merrit E. Lawlis aBloomington, Ind. :bIndiana University Press,c1961. axxxii, 462 p. :bfacsims ;c24 cm. a"Editions ... used a copy texts: the Henry E. Huntington Library [copies of] ... Jack of Newbury and Thomas of Reading; the University of Sheffield Library [copy of] ... The gentle craft, part I; and the British Museum [copy of] ... The gentle craft, part II."1 aLawlis, Merritt E.q(Merritt Eugene),d1918-